The Heartfulness Way (Record no. 53118)

MARC details
000 -LEADER
fixed length control field 00450nam a2200157Ia 4500
008 - FIXED-LENGTH DATA ELEMENTS--GENERAL INFORMATION
fixed length control field 220530s9999 xx 000 0 und d
020 ## - INTERNATIONAL STANDARD BOOK NUMBER
International Standard Book Number 9789386850560
041 ## - LANGUAGE CODE
Language code of text/sound track or separate title eng
082 ## - DEWEY DECIMAL CLASSIFICATION NUMBER
Classification number 820
Item number PAT
100 ## - MAIN ENTRY--PERSONAL NAME
Personal name Patel, Kamlesh D.
9 (RLIN) 59220
245 ## - TITLE STATEMENT
Title The Heartfulness Way
Remainder of title Heart-Based Meditationa for Spriritual Transformation
250 ## - EDITION STATEMENT
Edition statement 1st
260 ## - PUBLICATION, DISTRIBUTION, ETC. (IMPRINT)
Place of publication, distribution, etc. Chennai
Name of publisher, distributor, etc. Westland Publication Pvt. Ltd.
Date of publication, distribution, etc. 2019
300 ## - PHYSICAL DESCRIPTION
Extent XVI;195P.
Other physical details PB
906 ## - LOCAL DATA ELEMENT F, LDF (RLIN)
a 0
b GB
Holdings
Withdrawn status Lost status Damaged status Not for loan Home library Current library Date acquired Vendor Cost, normal purchase price Total Checkouts Total Renewals Full call number Barcode Date last seen Date last checked out Cost, replacement price Bill Date Koha item type Original Barcode
        Cummins College of Engineering for Women Nagpur Cummins College of Engineering for Women Nagpur 05/07/2019 Book Source 299.00 6 2 820/PAT/ CEWN-CB-78 07/01/2026 22/11/2025 299.00 30/05/2022 Compact Books C00078